| 000 | 00444cam a2200169ua 4500 | ||
|---|---|---|---|
| 020 | _cRs.10/- | ||
| 041 |
_aeng _h |
||
| 082 |
_a894.812301 _bKUR/TH |
||
| 100 | _aNagavalli, R.S. Kurup . | ||
| 245 |
_aTheranhetutha kathakal / _cNagavalli. _hTextual Documents |
||
| 260 |
_aKottayam : _bSathiya pravarthaka Co-op. society , _c1966. |
||
| 300 | _a416 ; . | ||
| 365 | _aRs.10/- | ||
| 504 | _a | ||
| 942 | _cBK | ||
| 999 |
_c11449 _d11449 |
||